Nadnárodní harmonizace účetnictví

Medzinárodný účtovný štandard 41 - Poľnohospodárstvo. Charakteristika poľnohospodárskej činnosti. Predmet úpravy štandardu - účtovné zobrazenie biologických aktív (zvieratá, rastliny), poľnohospodárskej produkcie, štátnych dotácií. Oceňovanie. Klasifikácia biologických aktív. Odlišnosti štandardu od...

Descrizione completa

Salvato in:
Dettagli Bibliografici
Autore principale: Dvořáková, Dana
Natura: Capitolo di libro
Lingua:ceco
Soggetti:
Tags: Aggiungi Tag
Nessun Tag, puoi essere il primo ad aggiungerne!!

MARC

LEADER 00000naa a2200000 4500
001 r048099
005 20230913090723.6
041 0 |a cze 
044 |a CZ 
245 1 0 |a Nadnárodní harmonizace účetnictví  |c Dana Dvořáková 
520 |a Medzinárodný účtovný štandard 41 - Poľnohospodárstvo. Charakteristika poľnohospodárskej činnosti. Predmet úpravy štandardu - účtovné zobrazenie biologických aktív (zvieratá, rastliny), poľnohospodárskej produkcie, štátnych dotácií. Oceňovanie. Klasifikácia biologických aktív. Odlišnosti štandardu od národnej úpravy v ČR. 
610 2 0 |a účtovníctvo 
610 2 0 |a štandardy 
610 2 0 |a IAS 
610 2 0 |a účtovníctvo medzinárodné 
610 2 0 |a poľnohospodárstvo 
610 2 0 |a oceňovanie 
610 2 0 |a dotácie štátne 
610 2 0 |a zvieratá 
610 2 0 |a plodiny poľné 
610 2 0 |a klasifikácia 
100 1 |a Dvořáková, Dana